OECD economic outlook 97 june 2015
Uložené v:
| Médium: | Kniha |
|---|---|
| Jazyk: | English |
| Vydavateľské údaje: |
Paris
OECD
2015
|
| Edícia: | OECD economic outlook
|
| Predmet: | |
| Tagy: |
Žiadne tagy, Buďte prvý, kto otaguje tento záznam!
|
MARC
| LEADER | 00000nam a2200000 4500 | ||
|---|---|---|---|
| 001 | 0211234 | ||
| 005 | 20240314123245.7 | ||
| 020 | |a 978-92-64-22020-1 | ||
| 041 | 0 | |a eng | |
| 044 | |a FR | ||
| 245 | 1 | 0 | |a OECD economic outlook 97 |b june 2015 |
| 264 | 1 | |a Paris |b OECD |c 2015 | |
| 300 | |a 352 s. | ||
| 490 | 1 | |a OECD economic outlook | |
| 830 | 0 | |a OECD economic outlook | |
| 610 | 2 | 0 | |a makroekonomika |
| 610 | 2 | 0 | |a prognózy hospodárske |
| 610 | 2 | 0 | |a ukazovatele finančné |
| 610 | 2 | 0 | |a rozvoj hospodársky |
| 610 | 2 | 0 | |a investície |
| 610 | 2 | 0 | |a údaje štatistické |
| 610 | 2 | 0 | |a porovnanie štatistické medzinárodné |
| 610 | 2 | 0 | |a OECD |